1820 1991 1850 1539 1522 1566 1536 1774 1695 1239 1502 1975 1011 1182 1230 1512 1103 1142 1995 1023 1564 1647 1212 1285 1383 1710 1721 1847 1323 1356 1956 1603 1370 1012 1428 1883 1626 1091 1951 1744 1901 1219 1139 1353 1095 1016 1578 1109 1365 1314 1157 1785 1726 1620 1253 1010 1818 1776 1295 1419 1840 1440 1054 1365 1671 1213 1876 1611 1875 1278 1595 1282 1519 1369 1187 1204 1223 1443 1194 1698 1488 1694 1908 1966 1536 1910 1533 1544 1249 1866 1702 1462 1715 1202 1715 1775 1810 1568 1773 BCNSPRNW ULIB Ver.6.0+V

เปลี่ยนเป็นภาษาไทย

Change to English
 แสดงรายละเอียดบรรณานุกรม
  กลับหน้าหลัก

Brief Record : Get Marc (ISO 2709) : E-mail record : QR code < ปิดหน้าต่าง
LEADER : 00000nam 2200000uu 4500
001    13399128994
003     ULIB
008    250501s2567||||th 000 0 tha d
020 ^^ ^a9786162716256
060 ^^ ^aWY150.2^bก671ก
100 ^^ ^aกิตติกร นิลมานัต.
245 ^^ ^aการพยาบาลผู้ป่วยผู้ใหญ่และผู้สูงอายุที่มีปัญหาทางอายุรศาสตร์ :^bกรณีศึกษา /^cกิตติกร นิลมานัต, วราภรณ์ คงสุวรรณ, บรรณาธิการ
250 ^^ ^aพิมพ์ครั้งที่ 2
260 ^^ ^aสงขลา :^bสาขาวิชาการพยาบาลผู้ใหญ่และผู้สูงอายุ คณะพยาบาลศาสตร์ มหาวิทยาลัยสงขลานครินทร์, ^c2567
300 ^^ ^avi, 170 หน้า :^bภาพประกอบ, ตาราง ;^c24 ซม.
505 ^^ ^aสารบาญ: การใช้กระบวนการพยาบาลสำหรับผู้ป่วยผู้ใหญ่และผู้สูงอายุที่มีปัญหาทางอายุรศาสตร์ - - การพยาบาลผู้ป่วยที่มีภาวะเลือดออกในระบบทางเดินอาหารส่วนบน - - การพยาบาลผู้ป่วยโรคหืด - - การพยาบาลผู้ป่วยโรคไตวายเรื้อรัง - - การพยาบาลผู้ป่วยวิกฤตที่มีภาวะหายใจล้มเหลว - - การพยาบาลผู้ป่วยที่มีการหย่าเครื่องช่วยหายใจ - - การพยาบาลผู้ป่วยวิกฤตระยะสุดท้ายและใกล้ตาย
590 ^^ ^aกิตติกร นิลมานัต, และวราภรณ์ คงสุวรรณ (บรรณาธิการ). ^bการพยาบาลผู้ป่วยผู้ใหญ่และผู้สูงอายุที่มีปัญหาทางอายุรศาสตร์: กรณีศึกษา ^c(พิมพ์ครั้งที่ 2). ^dสาขาวิชาการพยาบาลผู้ใหญ่และผู้สูงอายุ คณะพยาบาลศาสตร์ มหาวิทยาลัยสงขลานครินทร์.
591 ^^ ^aกิตติกร นิลมานัต, วราภรณ์ คงสุวรรณ, บรรณาธิการ. การพยาบาลผู้ป่วยผู้ใหญ่และผู้สูงอายุที่มีปัญหาทางอายุรศาสตร์: กรณีศึกษา. พิมพ์ครั้งที่ 2. สงขลา: สาขาวิชาการพยาบาลผู้ใหญ่และผู้สูงอายุ คณะพยาบาลศาสตร์ มหาวิทยาลัยสงขลานครินทร์; 2567.
650 ^^ ^aผู้ใหญ่ ^xการพยาบาล
690 ^^ ^aสาขาวิชาการพยาบาลผู้ใหญ่
700 ^^ ^aวราภรณ์ คงสุวรรณ
945    ^p250^l0^i011314
945    ^p250^l0^i011315
945    ^p250^l0^i011321
945    ^p250^l0^i011322
999    ^aประนอม เกษจรัล
รายการนี้ยังไม่มีแท็ก
คุณยังไม่ได้ล็อกอิน คุณสามารถมีกิจกรรมร่วมกับเว็บไซต์ได้ แต่ต้องล็อกอินก่อน ::
  ล็อกอิน

รายการสื่อสารสนเทศ

ลำดับที่ ประเภท เลขเรียก/บาร์โค้ด สถานที่ สถานะ
1. Book การพยาบาล
หนังสือสำรอง
สถานะ=หนังสือสำรอง
WY150.2 ก671ก ฉ.1 
  Barcode: 011314
ห้องสมุดวิทยาเขตสวรรค์ประชารักษ์
►หนังสือทั่วไป
ถูกยืม กำหนดส่งวันที่ 2 กุมภาพันธ์ 2569
  จอง
2. Book การพยาบาล
Book การพยาบาล
WY150.2 ก671ก ฉ.2 
  Barcode: 011315
ห้องสมุดวิทยาเขตสวรรค์ประชารักษ์
►หนังสือทั่วไป
บนชั้น
3. Book การพยาบาล
Book การพยาบาล
WY150.2 ก671ก ฉ.3 
  Barcode: 011321
ห้องสมุดวิทยาเขตสวรรค์ประชารักษ์
►หนังสือทั่วไป
บนชั้น
4. Book การพยาบาล
Book การพยาบาล
WY150.2 ก671ก ฉ.4 
  Barcode: 011322
ห้องสมุดวิทยาเขตสวรรค์ประชารักษ์
►หนังสือทั่วไป
บนชั้น

BibComment


ยังไม่เคยถูกคอมเมนท์

คอมเมนท์ทรัพยากรรายการนี้
  คอมเมนท์: การพยาบาลผู้ป่วย..


 Copyright 2026. Bcnsprnw @Library